01416nam a2200349 a 4500001001200000003000800012006001900020007001500039008004100054010001700095020004300112020004000155020003800195020003500233040002100268035002100289050002300310082001200333100002800345245011500373260005100488300001700539504005100556505008500607533015200692650001400844650001900858655002900877710001700906856012600923999001701049ebr10300680CaPaEBRm u cr cn|||||||||071108s2008 mau sb 001 0 eng  z 2007046400 z9781405157704 (hardcover : alk. paper) z1405157704 (hardcover : alk. paper) z9781405157711 (pbk. : alk. paper) z1405157712 (pbk. : alk. paper) aCaPaEBRcCaPaEBR a(OCoLC)65794739214aBT160b.O36 2008eb04a2142221 aO'Connor, David,d1949-10aGod, evil, and designh[electronic resource] :ban introduction to the philosophical issues /cDavid O'Connor. aMalden, MA ;aOxford :bBlackwell Pub.,c2008. aviii, 226 p. aIncludes bibliographical references and index.0 aThe logic of God and evil -- Design and evil -- Evil and design -- Taking stock. aElectronic reproduction.bPalo Alto, Calif. :cebrary,d2013.nAvailable via World Wide Web.nAccess may be limited to ebrary affiliated libraries. 0aTheodicy. 0aGood and evil. 7aElectronic books.2local2 aebrary, Inc.40uhttp://site.ebrary.com/lib/rucke/Doc?id=10300680zAn electronic book accessible through the World Wide Web; click to view c67400d67400